ბათუმის შოთა რუსთაველის სახელმწიფო უნივერსიტეტის ბიბლიოთეკა

XIX საუკუნის ქართული დემოკრატიული პრესა : (ბიბ.ჩანაწერი № 37772)

000 -ლიდერი
ფიქსირებული სიგრძის საკონტროლო ველი 01317nam a2200229Ia 4500
001 - საკონტროლო ნომერი
საკონტროლო ველი 3749
003 - საკონტროლო ნომრის იდენტიფიკატორი
საკონტროლო ველი GE_BSU
005 - ბოლო ოპერაციის თარიღი და დრო
საკონტროლო ველი 20190809162153.0
008 - ფიქსირებული სიგრძის მონაცემთა ელემენტები - ზოგადი ინფორმაცია
ფიქსირებული სიგრძის საკონტროლო ველი 181216s1981||||ge |||||||||||||| ||geo||
040 ## - კატალოგიზაციის წყარო
Transcribing agency GE_BSU
041 ## - ენის კოდი
Language code of text/sound track or separate title geo
080 ## - უნივერსალური ათობითი კლასიფიკაციის ინდექსი
Universal Decimal Classification number 070(479.22) ბ–57
100 ## - მთავარი ჩანაწერი - პიროვნების სახელი
Personal name ბერძენიშვილი, ლ.
9 (RLIN) 3491
245 ## - ცნობა სათაურის შესახებ
Title XIX საუკუნის ქართული დემოკრატიული პრესა :
Remainder of title გლეხობის საკითხი გაზეთ "დროების" მიხედვით (1866-1885 წწ.) /
Statement of responsibility, etc ივ. ჯავახიშვილის სახ. ისტორიის, არქეოლოგიისა და ეთნოგრ. ინ-ტი.
264 ## - წარმოების, გამოცემის, დისტრიბუციის და სხვა ცნობები
გამოცემის, წარმოების, დისტრიბუციის... ადგილი თბილისი :
გამოცემის, წარმოების, დისტრიბუციის... სახელწოდება მეცნიერება,
გამოცემის, წარმოების, დისტრიბუციის... თარიღი 1981.
300 ## - ფიზიკური აღწერა
Extent 186 გვ. ;
Other physical details 22 სმ.
653 ## - INDEX TERM--UNCONTROLLED
Uncontrolled term ქართული ჟურნალისტიკის ისტორია
653 ## - INDEX TERM--UNCONTROLLED
Uncontrolled term "დროება", გაზეთი
653 ## - INDEX TERM--UNCONTROLLED
Uncontrolled term გლეხობის საკითხი გაზეთებში
710 ## - ADDED ENTRY--CORPORATE NAME
Corporate name or jurisdiction name as entry element ივ. ჯავახიშვილის სახ. ისტორიის, არქეოლოგიისა და ეთნოგრ. ინ-ტი.
9 (RLIN) 3492
942 ## - ADDED ENTRY ELEMENTS (KOHA)
Koha item type წიგნი
Source of classification or shelving scheme
ეგზემპლარები
ჩამოწერის სტატუსი დაკარგული ეგზემპლარის სტატუსი კლასიფიკაციის წყარო ან თაროზე გაწყობის სქემა დაზიანების სტატუსი არ გაიცემა მუდმივი მდებარეობა (დაცვის ადგილი) ამჟამინდელი ადგილსამყოფელი თაროზე განთავსების ადგილი შეძენის თარიღი ღირებულება, შესყიდვის ნორმალური ფასი სრული შენახვის შიფრი შტრიხკოდი ბოლო ოპერაციის თარიღი ეგზემპლარის მიმდევრობითი ნომერი (კეტერი?) ფასის ძალაში შესვლის თარიღი ეგზემპლარის სახეობა საჯარო შენიშვნა
          ბათუმის შოთა რუსთაველის სახელმწიფო უნივერსიტეტის მთავარი ბიბლიოთეკა ბათუმის შოთა რუსთაველის სახელმწიფო უნივერსიტეტის მთავარი ბიბლიოთეკა წიგნსაცავი 2018-12-17 2.00 070(479.22) ბ–57 5363 2018-12-17 5363 2018-12-17 წიგნი 2 ლ.